| 000 | 01146nam a2200277 i 4500 | ||
|---|---|---|---|
| 001 | 62457 | ||
| 003 | ES-MaACL | ||
| 005 | 20250730230859.0 | ||
| 007 | t| | ||
| 008 | 031121s1903 sp ||||1|bspa d | ||
| 080 | _a398.22 | ||
| 080 | _a913(5-15)(02)"14" | ||
| 080 | _a929 Pedro, Infante de Portugal | ||
| 100 | 1 |
_aFernández Duro, Cesáreo, _d1830-1908 _949752 |
|
| 245 | 1 | 0 |
_aViajes del Infante D. Pedro de Portugal en el siglo XV : _bcon indicación de los de una religiosa española por las regiones orientales mil años antes / _cpor D. Cesáreo Fernández Duro. |
| 260 |
_aMadrid : _b[s.n.], _c1903 ( _fImp. del Cuerpo de Artillería) |
||
| 300 |
_a108 p. ; _c24 cm. |
||
| 530 | _aDisponible en formato digital. | ||
| 600 | 0 | 7 |
_aPedro, _cInfante de Portugal, _d1392-1449- _xViajes _2 _9146366 |
| 600 | 0 | 4 |
_aEgeria. _946716 |
| 650 | 4 |
_aPreste Juan (Personaje mitológico) _9146367 |
|
| 651 | 4 |
_aOriente Medio- _xDescripción- _vObras anteriores a 1800. _9146368 |
|
| 852 | 4 |
_aES-MaACL _jT-1039-F-10 |
|
| 856 | 4 |
_uhttp://bdh-rd.bne.es/viewer.vm?id=0000108811&page=1 _zBiblioteca Digital Hispánica |
|
| 999 |
_c62457 _d62457 |
||